000 00736nam a2200229Ii 4500
003 JO-AjNU
008 230605s9999||||xx |||||||||||||| ||und||
017 _a2015/10/9229
020 _a978-9957-32-344-8
040 _aJO-AjNU
_bara
_erda
_cJO-AjNU
041 _aara
050 1 4 _aDR486.M366.2020
100 3 _aالمنصور، ميمونة حمزة,
_eauthor
_960286
245 0 0 _aتاريخ الدولة العثمانية
250 _aط1
264 3 1 _aعمان: دار الحامد للنشر والتوزيع، 2020
300 _a182ص
336 _atext
_btxt
_2rdacontent
337 _aunmediated
_bn
_2rdamedia
338 _avolume
_bnc
_2rdacarrier
650 4 _aالدوله العثمانية - التاريخ
_960287
999 _aA27176
_c30744
_d30744